LEADER 00819nam0-2200301---450- 001 990008787810403321 005 20090108104550.0 035 $a000878781 035 $aFED01000878781 035 $a(Aleph)000878781FED01 035 $a000878781 100 $a20090108d1985----km-y0itay50------ba 101 1 $aeng 102 $aIT 105 $aa-------001yy 200 1 $aAspects of reading and dyslexia$fedited by C.Cornoldi 210 $aPadova$cCLEUP$d1985 215 $a273 p.$cill.$d23 cm 610 0 $aLettura - Apprendimento - Saggi 676 $a616$v19 702 1$aCornoldi,$bCesare$f<1947- > 801 0$aIT$bUNINA$gRICA$2UNIMARC 901 $aBK 912 $a990008787810403321 952 $aA 6/18$bs. i.$fDMNUP 959 $aDMNUP 996 $aAspects of reading and dyslexia$9809571 997 $aUNINA LEADER 00873nam0-22002891i-450- 001 990002541590403321 035 $a000254159 035 $aFED01000254159 035 $a(Aleph)000254159FED01 035 $a000254159 100 $a20000920d1968----km-y0itay50------ba 101 0 $aENG 200 1 $a<>Study of the Queueing Systems M G/1 and GI M/1$fU. Narayan Bhat. 210 $aBerlin$cSpringer Verlag$d1968. 215 $a78 p. , 28 cm 225 1 $aLecture notes in operations research and mathematical economics$v2 610 0 $aProbabilità, Processi stocastici 676 $a519 700 1$aBhat,$bU. Narayan$f<1933- >$0103645 801 0$aIT$bUNINA$gRICA$2UNIMARC 901 $aBK 912 $a990002541590403321 952 $aMIII-A-3$b2761$fMAS 959 $aMAS 996 $aStudy of the Queueing Systems M G$9437849 997 $aUNINA DB $aING01